MARC

LEADER 00000nam0a2200000 4500
001 210019
005 20231101225602.0
035 |a (RuTPU)RU\TPU\book\229379 
035 |a RU\TPU\book\229365 
090 |a 210019 
100 |a 20120217d1973 k y0rusy50 ca 
101 0 |a rus 
102 |a RU 
105 |a ab z 001zy 
200 1 |a Физическое и физико-химическое моделирование рудообразующих систем  |f Академия наук СССР (АН СССР), Сибирское отделение (СО), Институт геологии и геофизики (ИГиГ) ; отв. ред. Г. Л. Поспелов 
210 |a Новосибирск  |c Наука  |d 1973 
215 |a 214 с.  |c ил., карты 
225 1 |a Труды института геологии и геофизики  |v Вып. 35 
320 |a Библиогр. в конце статей 
606 1 |a Рудообразование  |2 stltpush  |3 (RuTPU)RU\TPU\subj\26038  |9 50054 
610 1 |a геология 
610 1 |a геофизика 
610 1 |a тектоника 
610 1 |a физико-химическое моделирование 
610 1 |a рудообразующие системы 
610 1 |a горные породы 
610 1 |a метасоматоз 
675 |a 553.2  |v 3 
702 1 |a Поспелов  |b Г. Л.  |c доктор геолого-минералогических наук  |c профессор  |c выпускник ТИИ (ТПУ) 1934 г.  |c преподаватель ТИИ  |f 1912-1973  |g Геннадий Львович  |2 stltpush  |3 (RuTPU)RU\TPU\pers\22192  |4 340 
712 0 2 |a Академия наук СССР (АН СССР)  |b Сибирское отделение (СО)  |b Институт геологии и геофизики (ИГиГ)  |c (Новосибирск)  |2 stltpush  |3 (RuTPU)RU\TPU\col\128 
801 1 |a RU  |b 63413507  |c 20120216 
801 2 |a RU  |b 63413507  |c 20211111  |g RCR 
942 |c BK